000 01239nam a22003014a 4500
005 20090803155859.0
008 080908s2008 ii a b 001 0 eng
010 _aENG-94634
020 _a9780195696202
_c1500.00
020 _a0195696204
_c1500.00
035 _aEN-78167
037 _bDBAD / PUB
040 _adpl
_bEnglish
082 _a595.7890954
100 _aKehimkar, Isaac
245 _aThe book of Indian butterflies /
_cby Isaac Kehimkar
246 _aIndian butterflies
260 _aMumbai :
_bBombay Natural History Society :
_bOxford University Press,
_c2008
270 _aHornbill House, Op. Lion Gate, Shaheed Bhagat Singh Road,
_bMumbai
_e400001
300 _axvi, 497 p. :
_bcol. ill. ;
_c22cm(Hb)
500 _a"Sponsored by Tata Social Welfare Trust."
504 _aIncludes bibliographical references, glossary and index
650 _aButterflies
_zIndia
_vIdentification.
710 _aTata Social Welfare Trust.
710 _aBombay Natural History Society.
942 _2ddc
_cEN
_mKEH
_h595.7890954
999 _c28891
_d28891